Statistics for Countries With No Borders

Click here to take the quiz!

General Stats

  • This quiz has been taken 1,821 times
  • The average score is 30 of 38

Answer Stats

Answer% Correct
Australia
93%
New Zealand
91%
Japan
89%
Iceland
88%
Malta
87%
Cuba
86%
Madagascar
86%
Fiji
83%
Jamaica
83%
Saint Kitts and Nevis
83%
Saint Lucia
83%
Seychelles
82%
Bahamas
81%
Barbados
81%
Maldives
81%
Saint Vincent and the Grenadines
81%
Antigua and Barbuda
80%
Tuvalu
80%
Marshall Islands
79%
Trinidad and Tobago
79%
Cape Verde
78%
Comoros
78%
Federated States of Micronesia
78%
Nauru
78%
Palau
78%
Tonga
78%
Kiribati
77%
Samoa
77%
Grenada
76%
Solomon Islands
76%
Taiwan
76%
Vanuatu
76%
São Tomé and Príncipe
75%
Mauritius
74%
Dominica
70%
Philippines
68%
Bahrain
59%
Singapore
50%

Score Distribution

Percentile by Number Answered

Percent of People with Each Score

Your Score History

You have not taken this quiz